A régi helsinki szleng használata az irodalomban

Elmentve itt :
Bibliográfiai részletek
Szerző: Makrai Viktória
További közreműködők: Virtanen Susanna (Témavezető)
Dokumentumtípus: Szakdolgozat
Megjelent: 2006
Tárgyszavak:
Online Access:http://diploma.bibl.u-szeged.hu/45495
LEADER 00557nta a2200157 i 4500
001 dipl45495
005 20141208112636.0
008 141208s2006 hu om 0|| zxx d
040 |a SZTE Diploma Repozitórium  |b hun 
041 |a zxx 
100 1 |a Makrai Viktória 
245 1 2 |a A régi helsinki szleng használata az irodalomban  |h [elektronikus dokumentum] /  |c Viktória Makrai 
260 |c 2006 
650 4 |a Bölcsészettudományok 
700 1 |a Virtanen Susanna  |e ths 
856 4 0 |u http://diploma.bibl.u-szeged.hu/id/eprint/45495/1/2006_makrai_viktoria.pdf  |z Dokumentum-elérés